000
00488nam a2200169Ia 4500
008
090711s9999 xx 000 0 und d
082
_b
77557
100
_a
बिनीवाले अविनाश
245
_a
बोमदिला
260
_c
1995
300
_a
152
600
_a
बिनीवाले अविनाश
630
_a
बोमदिला
700
_a
बिनीवाले अविनाश
730
_a
बोमदिला
942
_c
BOOK
999
_c
300942
_d
300942